00711nac a22002051u 4500010001300000035001800013082001500031090001500046100003400061245003300095260008000128300004700208500001400255500003400269650003000303651003800333942001700371999001500388952010200403 a62022329 a(OCoLC)881954 a345bB6757 c1847d1847 aBogue, Donald Joseph, 10aSkid row in American cities. a[Chicago]bCommunity and Family Study Center, University of Chicagoc[1963] axiv, 521 p.billus., maps, tables.c25 cm. aDonations aDonations - Dr. Mostafa Gouda 0aCriminalszUnited States. 0aUnited StatesxSocial conditions. cBBk345B6757 c1847d1847 00104070aMAINbMAINc1STd2006-12-18ePurchasel0o345 BOGp000002470r2025-07-15 00:00:00yBB